[Event "VIE-chT (Women)"]
[Site "Ho Chi Minh City"]
[Date "2019.09.27"]
[Round "3.25"]
[White "Nguyen, To Tran"]
[Black "Ngo, Thi My Duyen"]
[Result "1-0"]
[WhiteElo "1775"]
[BlackElo "1825"]
[PlyCount "81"]
[EventDate "2019.09.26"]
[EventType "swiss"]
[EventRounds "9"]
[EventCountry "VIE"]
[SourceTitle "EXT 2020"]
[Source "ChessBase"]
[SourceDate "2019.10.17"]
[SourceVersion "1"]
[SourceVersionDate "2019.10.17"]
[SourceQuality "1"]

1. d4 Nf6 2. c4 g6 3. Nc3 d5 4. Nf3 Bg7 5. cxd5 Nxd5 6. e4 Nxc3 7. bxc3 c5 8. Be3 0-0 9. Be2 Nc6 10. 0-0 Bg4 11. d5 Bxf3 12. Bxf3 Na5 13. Rc1 b6 14. Qa4 Qe8 15. Qxe8 Rfxe8 16. c4 Nb7 17. Bf4 e5 18. dxe6 fxe6 19. e5 Rab8 20. Rfd1 Red8 21. Rxd8+ Nxd8 22. Rd1 Nf7 23. Rd7 b5 24. Rxa7 bxc4 25. Kf1 g5 26. Bg3 Rd8 27. Rc7 Bf8 28. Ke1 c3 29. Bd1 Rd4 30. Bb3 c4 31. Rxc4 Bb4 32. Rc8+ Kg7 33. Ke2 Rd2+ 34. Ke3 Nd8 35. f4 gxf4+ 36. Bxf4 Ba5 37. Kf3 Rd3+ 38. Ke4 Rd7 39. g4 Nb7 40. Bxe6 Rc7 41. Rg8# 1-0

[Event "VIE-chT (Women)"]
[Site "Ho Chi Minh City"]
[Date "2017.07.27"]
[Round "6.29"]
[White "Mai, Hieu Linh"]
[Black "Ngo, Thi My Duyen"]
[Result "0-1"]
[WhiteElo "1916"]
[BlackElo "1378"]
[PlyCount "92"]
[EventDate "2017.07.24"]
[EventType "team-swiss"]
[EventRounds "9"]
[EventCountry "VIE"]
[SourceTitle "EXT 2019"]
[Source "ChessBase"]
[SourceDate "2018.10.10"]
[SourceVersion "1"]
[SourceVersionDate "2018.10.10"]
[SourceQuality "1"]

1. e4 e6 2. d4 d5 3. Nc3 Bb4 4. e5 c5 5. a3 cxd4 6. Qxd4 Nc6 7. Qg4 Bxc3+ 8. bxc3 Nxe5 9. Qxg7 Qf6 10. Bb5+ Bd7 11. Bxd7+ Kxd7 12. Qg3 h6 13. Bb2 Nc4 14. Rb1 Qf5 15. Qf3 Qg5 16. Qg3 Qd2+ 17. Kf1 Qxc2 18. Rc1 Qxb2 19. Ne2 Nf6 20. Qg7 Ke7 21. Qg3 Rac8 22. Qd3 Rc7 23. Ke1 Ne4 24. Rb1 Qd2+ 25. Qxd2 Nexd2 26. f3 Nxb1 27. Nd4 Ncxa3 28. Kf2 Rxc3 29. Re1 Rd3 30. Nf5+ Kd7 31. Ng3 Rc8 32. Nh5 Rc2+ 33. Kg3 Rdd2 34. Nf4 Nc3 35. Kh3 b5 36. Re5 b4 37. Rh5 b3 38. Rxh6 b2 39. Rh7 Ke7 40. Ng6+ Kd6 41. Rxf7 b1Q 42. Nf8 Rxg2 43. Rd7+ Ke5 44. f4+ Ke4 45. Rg7 Rxh2+ 46. Kg3 Rcg2# 0-1

[Event "VIE-chT (Women)"]
[Site "Ho Chi Minh City"]
[Date "2017.07.26"]
[Round "5.19"]
[White "Ngo, Thi My Duyen"]
[Black "Nguyen, Thi Minh Thu"]
[Result "0-1"]
[WhiteElo "1378"]
[BlackElo "1779"]
[PlyCount "122"]
[EventDate "2017.07.24"]
[EventType "team-swiss"]
[EventRounds "9"]
[EventCountry "VIE"]
[SourceTitle "EXT 2019"]
[Source "ChessBase"]
[SourceDate "2018.10.10"]
[SourceVersion "1"]
[SourceVersionDate "2018.10.10"]
[SourceQuality "1"]

1. e4 e6 2. d4 d5 3. e5 c5 4. c3 Nc6 5. Nf3 Qb6 6. Bd3 Bd7 7. dxc5 Bxc5 8. 0-0 Qc7 9. Re1 Nge7 10. b4 Bb6 11. h4 Ng6 12. Qe2 a6 13. h5 Nge7 14. Na3 Na7 15. c4 dxc4 16. Nxc4 Nac8 17. Ba3 Nd5 18. Rac1 Bc6 19. b5 axb5 20. Nd6+ Nxd6 21. Bxd6 Qd7 22. g3 Bc7 23. Nd4 Bxd6 24. exd6 Qxd6 25. Bxb5 Bxb5 26. Qxb5+ Qd7 27. Qc5 b6 28. Qc4 0-0 29. h6 Ra4 30. hxg7 Rfa8 31. Qb5 Qxb5 32. Nxb5 Rxa2 33. Nc7 Nxc7 34. Rxc7 R8a7 35. Rc6 Rb7 36. Rb1 b5 37. Rb4 Ra4 38. Rb3 Rd4 39. Rc5 b4 40. Kf1 Kxg7 41. Ke2 f5 42. f3 f4 43. g4 h6 44. Re5 Kf6 45. Rh5 Kg6 46. Re5 Kf7 47. Rh5 Kg6 48. Re5 Rb6 49. Rc5 Rbd6 50. Rb2 R6d5 51. Rc6 Re5+ 52. Kf2 Re3 53. Kg2 b3 54. Rb6 Rdd3 55. Rf2 Rc3 56. Rb4 e5 57. Rb6+ Kg5 58. Rb8 Rc2 59. Rxc2 bxc2 60. Rc8 Re2+ 61. Kf1 Rd2 0-1

[Event "VIE-chT (Women)"]
[Site "Ho Chi Minh City"]
[Date "2017.07.24"]
[Round "2.36"]
[White "Nguyen, Thi Thuy Quyen"]
[Black "Ngo, Thi My Duyen"]
[Result "0-1"]
[WhiteElo "1906"]
[BlackElo "1378"]
[PlyCount "86"]
[EventDate "2017.07.24"]
[EventType "team-swiss"]
[EventRounds "9"]
[EventCountry "VIE"]
[SourceTitle "EXT 2019"]
[Source "ChessBase"]
[SourceDate "2018.10.10"]
[SourceVersion "1"]
[SourceVersionDate "2018.10.10"]
[SourceQuality "1"]

1. e4 e6 2. f4 d5 3. e5 c5 4. Nf3 Nc6 5. c3 Qb6 6. Bd3 Nge7 7. b3 Ng6 8. g3 Be7 9. Qc2 Bd7 10. Bb2 0-0-0 11. Na3 Kb8 12. 0-0-0 Qa5 13. Bxg6 hxg6 14. Kb1 Qa6 15. d3 c4 16. Nxc4 dxc4 17. dxc4 Bc8 18. Nd4 Nxd4 19. cxd4 Rd7 20. d5 exd5 21. cxd5 Rxd5 22. Ka1 Rhd8 23. Rxd5 Rxd5 24. Rc1 Rc5 25. Qd1 Rxc1+ 26. Qxc1 Qd3 27. Qe1 Bg4 28. e6 fxe6 29. Bxg7 Qd1+ 30. Qxd1 Bxd1 31. h3 Kc7 32. Kb2 Bf3 33. Kc3 Bg2 34. h4 Bh3 35. Kd4 Bb4 36. Ke3 Bg4 37. Kf2 Kc6 38. Kg2 Kd5 39. h5 gxh5 40. Be5 Ke4 41. Bb8 a6 42. Ba7 Kd3 43. Kf2 Kc2 0-1

[Event "VIE-ch U17 Girls"]
[Site "Ho Chi Minh City"]
[Date "2014.07.17"]
[Round "8"]
[White "Ngo, Thi My Duyen"]
[Black "Le, Minh Nhat"]
[Result "0-1"]
[WhiteElo "1955"]
[BlackElo "1951"]
[PlyCount "120"]
[EventDate "2014.07.13"]
[EventType "swiss"]
[EventRounds "9"]
[EventCountry "VIE"]
[SourceTitle "EXT 2016"]
[Source "ChessBase"]
[SourceDate "2015.10.08"]
[SourceVersion "1"]
[SourceVersionDate "2015.10.08"]
[SourceQuality "1"]

1. d4 d5 2. c4 c6 3. Nc3 Nf6 4. Nf3 e6 5. b3 dxc4 6. bxc4 Bb4 7. Bd2 0-0 8. e3 Nbd7 9. Bd3 c5 10. d5 exd5 11. cxd5 Qe7 12. 0-0 Ne5 13. Nxe5 Qxe5 14. Rc1 Ba3 15. f4 Qe7 16. Rc2 c4 17. Bxc4 Bf5 18. e4 Nxe4 19. Nxe4 Bxe4 20. Rc3 Bb4 21. Re3 Bc5 22. Qg4 Bxe3+ 23. Bxe3 Rac8 24. Bb3 Bg6 25. Bxa7 Qb4 26. Bf2 Bc2 27. Rc1 Qd2 28. Rxc2 Rxc2 29. Bxc2 Qxc2 30. g3 Qxa2 31. d6 Qd5 32. Qd7 Ra8 33. Qe7 h6 34. d7 Ra1+ 35. Be1 Rxe1+ 36. Qxe1 Qxd7 37. Qb4 b5 38. Qc5 Qb7 39. Qb4 Qd5 40. Kf2 Kh7 41. Ke3 Kg6 42. Qb1+ Kf6 43. Qb2+ Kg6 44. Qc2+ Qf5 45. Qc3 Qe6+ 46. Kf3 Qc4 47. Qe5 b4 48. f5+ Kh7 49. Ke3 b3 50. f6 gxf6 51. Qxf6 Qe6+ 52. Qxe6 fxe6 53. Kd3 Kg6 54. Kc3 Kg5 55. h3 Kf5 56. Kxb3 Ke4 57. Kc3 Kf3 58. Kd4 Kxg3 59. Ke5 Kxh3 60. Kxe6 Kg3 0-1

[Event "VIE-ch U17 Girls"]
[Site "Da Lat"]
[Date "2013.07.??"]
[Round "5"]
[White "Ngo, Thi My Duyen"]
[Black "Ho Nguyen Minh, Phuc"]
[Result "1-0"]
[WhiteElo "1990"]
[BlackElo "1700"]
[PlyCount "85"]
[EventDate "2013.07.13"]
[EventType "swiss"]
[EventRounds "9"]
[EventCountry "VIE"]
[SourceTitle "EXT 2014"]
[Source "ChessBase"]
[SourceDate "2013.11.20"]
[SourceVersion "1"]
[SourceVersionDate "2013.11.20"]
[SourceQuality "1"]

1. d4 Nf6 2. c4 e6 3. Nc3 b6 4. e4 Bb7 5. Bd3 h6 6. Nf3 Bb4 7. Qc2 Bxc3+ 8. bxc3 d6 9. d5 exd5 10. cxd5 Nbd7 11. 0-0 0-0 12. c4 Re8 13. Bb2 a5 14. a4 Rc8 15. Nd4 Nc5 16. Rfe1 Qd7 17. Nf5 Qd8 18. e5 dxe5 19. Bxe5 Ncd7 20. Bc3 Kh8 21. Qd2 Rxe1+ 22. Rxe1 Qf8 23. Qf4 Rd8 24. Nxh6 gxh6 25. Bxf6+ Nxf6 26. Qxf6+ Kg8 27. Re3 Qd6 28. Rg3+ Kf8 29. Qg7+ Ke7 30. Re3+ Kd7 31. Bf5+ Qe6 32. Bxe6+ Kd6 33. Qe5+ Kc5 34. Qxc7+ Kd4 35. Qxb6+ Kxc4 36. Qxd8 fxe6 37. dxe6 Kc5 38. Qc7+ Kd5 39. Re5+ Kd4 40. Qc5+ Kd3 41. Re3+ Kd2 42. Qc3+ Kd1 43. Re1# 1-0